| 000 | 00931nam a2200289 a 4500 | ||
|---|---|---|---|
| 001 | BRCA_7520 | ||
| 005 | 20190320205854.0 | ||
| 008 | 130513s1948----sp-a######---#000-0#spa-# | ||
| 041 | _aspa | ||
| 044 | _asp | ||
| 050 | 4 |
_aDP302 _b.S48 1948 |
|
| 245 | 1 | 0 |
_aSevilla en Fiestas _ctexto de Luis Ortiz Muñoz ; antología fotográfica de Luis Arenas ; prólogo de José María Peman. |
| 260 |
_aMadrid _bL. Ortiz Muñoz _c1948 |
||
| 300 |
_a351 p. _bil., 208 láminas _c32 cm. |
||
| 500 | _aIncluye índice de láminas | ||
| 500 | _aR70 | ||
| 504 | _aBibliografía p. 343-346 | ||
| 650 | 1 | 4 |
_aFiestas _918547 |
| 650 | 1 | 4 |
_aVida social y costumbres _94652 |
| 651 | 4 |
_aSevilla, España _xDescripción _918548 |
|
| 651 | 4 |
_aEspaña _xDescripción y viajes _97912 |
|
| 700 | 1 |
_aOrtiz Muñoz, Luis _918549 |
|
| 700 | 1 |
_aArenas, Luis _efot. _918550 |
|
| 700 | 1 |
_aPeman, José María _epról. _918551 |
|
| 902 | _aGFM | ||
| 942 |
_2lcc _cB |
||
| 999 |
_c7194 _d7194 |
||